Longest Reigning Popes - Statistics

General Stats
  • This quiz has been taken 52 times
  • The average score is 5 of 10
Answer Stats
Reign Length of reign Pope % Correct
3. 1978-2005 26 years, 5 months and 18 days St. John Paul II
91%
1. c. 30-64/68 c. 34-38 years St. Peter
74%
2. 1846-1878 31 years 7 months and 23 days Bl. Pius IX
70%
5. 1775-1799 24 years, 6 months and 15 days Pius VI
70%
7. 1800-1823 23 years, 5 months and 7 days Pius VII
70%
4. 1878-1903 25 years, 5 months and 1 day Leo XIII
63%
10. 440-461 21 years, 1 month and 13 days St. Leo I
63%
8. 1159-1181 21 years, 11 months and 24 days Alexander III
22%
6. 772-795 23 years, 10 months and 25 days Adrian I
20%
9. 314-335 21 years, 11 months and 1 day St. Sylvester I
7%
No matching quizzes found
Score Distribution
Percent of People with Each Score
Percentile by Number Answered
Your Score History
You have not taken this quiz